| 000 | 00626nam a2200193 i 4500 | ||
|---|---|---|---|
| 001 | 85777 | ||
| 003 | ES-MaACL | ||
| 005 | 20240520181646.0 | ||
| 007 | t| | ||
| 008 | 041201s1970 sp ||||1| spa d | ||
| 100 | 0 |
_aJuan Carlos _bI, _cRey de España _967108 |
|
| 245 | 1 | 0 | _aPalabras de su Alteza Real el Príncipe de España Don Juan Carlos de Borbón y Borbón. |
| 260 |
_a[Madrid : _bEdiciones del Movimiento, _c1970] |
||
| 300 |
_a70 p., 7 lám. ; _c22 cm. |
||
| 651 | 4 |
_aEspaña- _xHistoria- _y1955-1975. _98337 |
|
| 710 | 2 |
_aEdiciones del Movimiento. _9171800 |
|
| 852 |
_aES-MaACL _jC-54849 |
||
| 999 |
_c85777 _d85777 |
||